000 01060nam a2200229 a 4500
001 000041922
005 20201002035831.0
008 131011s2004 sp 000 0 spa d
020 _a8400082362
040 _aDO-SdBNP
_bspa
_cBNPHU
100 1 _aAl´Isbfili, Abulhayr
_968825
240 1 0 _aKitabu Umdati Ttabib fi ma Rifati Nnabat Likulli Labib
_lEspañol-Arabe
245 1 0 _aKitabu Umdati Ttabib fi ma Rifati Nnabat Likulli Labib :
_b(libro base del médico para el conocimiento de la botánica por todo experto) /
_cAbulhayr Al´Isbfili; edición, notas y traducción castellana de, J. Bustamante, F. Corriente y M. TilmatinePurificación de la torre.
260 _aMadrid, :
_bConsejo Superior de Investigaciones Científicas,
_c2004.
300 _a857 p. ;
_c24 cm.
490 1 _aFuentes Arábico-Hispanas
_v30
546 _aTexto en Arabe (maltes) y traducido al español
700 1 _aBustamante, J.
_etrad.
_968826
700 1 _aCorriente, F.
_etrad.
_968827
700 1 _aTilmatine, M.
_etrad.
_968828
830 0 _aFuentes Arábico-Hispanas
_v30
_965581
999 _c41411
_d41411